书目信息 |
| 题名: |
傅里叶分析
|
|
| 作者: | 斯坦恩 , 沙卡什 著 ;燕敦验 译 | |
| 分册: | ||
| 出版信息: | 北京 机械工业出版社 2020.04 |
|
| 页数: | 215页 | |
| 开本: | 24cm | |
| 丛书名: | 普林斯顿分析译丛 | |
| 单 册: | ||
| 中图分类: | O174.2 | |
| 科图分类: | ||
| 主题词: | 傅里叶分析--fu li ye fen xi | |
| 电子资源: | ||
| ISBN: | 978-7-111-63484-3 | |
| 000 | 01833nam 2200349 450 | |
| 001 | 2056543816 | |
| 005 | 20201105154231.90 | |
| 010 | @a978-7-111-63484-3@b精装@dCNY78.00 | |
| 100 | @a20200706d2020 em y0chiy50 ea | |
| 101 | 1 | @achi@ceng |
| 102 | @aCN@b110000 | |
| 105 | @aa a 000yy | |
| 200 | 1 | @a傅里叶分析@Afu li ye fen xi@f(美) 伊莱亚斯·M.斯坦恩, 拉米·沙卡什著@g燕敦验译 |
| 210 | @a北京@c机械工业出版社@d2020.04 | |
| 215 | @a215页@c图@d24cm | |
| 225 | 2 | @a普林斯顿分析译丛@Apu lin si dun fen xi yi cong |
| 225 | 2 | @a世界名校名家基础教育系列@Ashi jie ming xiao ming jia ji chu jiao yu xi lie |
| 300 | @a“十三五”国家重点出版物出版规划项目 | |
| 312 | @a英文题名取自封面 | |
| 314 | @a伊莱亚斯·M.斯坦恩, 著名数学家, 美国普林斯顿大学终身教授, 美国国家科学院院士, 美国文理学院院士, 奥尔夫奖获得者。 | |
| 320 | @a有书目 (第214-215页) | |
| 330 | @a本书跟据美国著名数学家伊莱亚斯·M.斯坦恩等人著《Fourier Analysis: An Intraduction》译出。内容包括: Fourier级数的起源、Fourier级数的基本性质、收敛性、Fourier变换及Fourier变换的基本应用。此外, 每章均配备了一定数量的练习和问题。Fourier分析是既古老又现代的一门学科。其特点是, 思想深刻, 方法新颖, 应用广泛。它是现代分析学中一门重要的基础课, 其自身也一直在不断地丰富和发展着。此书阐述由浅入深, 定理证明严谨、缜密、丝丝入扣, 对初学者极富启发性, 它不仅是学习现代分析的一本入门书, 而且也是一本能引导读者进入这一领域研究前沿的优秀读物。 | |
| 410 | 0 | @12001 @a普林斯顿分析译丛 |
| 410 | 0 | @12001 @a世界名校名家基础教育系列 |
| 500 | 10 | @aFourier analysis: an introduction@mChinese |
| 606 | 0 | @a傅里叶分析@Afu li ye fen xi |
| 690 | @aO174.2@v5 | |
| 701 | 1 | @a斯坦恩@Asi tan en@g(Stein, Elias M.)@4著 |
| 701 | 1 | @a沙卡什@Asha ka shen@g(Shakarchi, Rami)@4著 |
| 702 | 0 | @a燕敦验@Ayan dun yan@4译 |
| 801 | 0 | @aCN@b人天书店@c20200929 |
| 905 | @aZUCC@dO174.2@eS709 | |
| 傅里叶分析/(美) 伊莱亚斯·M.斯坦恩, 拉米·沙卡什著/燕敦验译.-北京:机械工业出版社,2020.04 |
| 215页:图;24cm.-(普林斯顿分析译丛).-(世界名校名家基础教育系列) |
| “十三五”国家重点出版物出版规划项目 |
| ISBN 978-7-111-63484-3(精装):CNY78.00 |
| 本书跟据美国著名数学家伊莱亚斯·M.斯坦恩等人著《Fourier Analysis: An Intraduction》译出。内容包括: Fourier级数的起源、Fourier级数的基本性质、收敛性、Fourier变换及Fourier变换的基本应用。此外, 每章均配备了一定数量的练习和问题。Fourier分析是既古老又现代的一门学科。其特点是, 思想深刻, 方法新颖, 应用广泛。它是现代分析学中一门重要的基础课, 其自身也一直在不断地丰富和发展着。此书阐述由浅入深, 定理证明严谨、缜密、丝丝入扣, 对初学者极富启发性, 它不仅是学习现代分析的一本入门书, 而且也是一本能引导读者进入这一领域研究前沿的优秀读物。 |
| ● |
| 相关链接 |
|
|
|
正题名:傅里叶分析
索取号:O174.2/S709
 
预约/预借
| 序号 | 登录号 | 条形码 | 馆藏地/架位号 | 状态 | 备注 |
| 1 | 1479762 | 214797629 | 自科库401/401自科库 44排6列1层/ [索取号:O174.2/S709] | 在馆 | |
| 2 | 1479763 | 214797638 | 自科库401/401自科库 44排6列1层/ [索取号:O174.2/S709] | 在馆 |